La responsabilidad social empresaria en Argentina (Registro nro. 32216)

Detalles MARC
000 -LEADER
fixed length control field 00323 a2200109 4500
001 - CONTROL NUMBER
control field ART_38587
005 - DATE AND TIME OF LATEST TRANSACTION
control field 20260410162011.0
008 - FIXED-LENGTH DATA ELEMENTS--GENERAL INFORMATION
fixed length control field 260409a
100 1# - MAIN ENTRY--PERSONAL NAME
Personal name Palacios, Clide Lidia
245 10 - TITLE STATEMENT
Title La responsabilidad social empresaria en Argentina
773 0# - HOST ITEM ENTRY
Title Anuario
Related parts - Nº 6 (ene./dic. 2009)
Record control number REV38525

No hay ítems disponibles.